00577 2200193 4500001002100000005001500021035002000036007000300056008004100059020001800100082000800118084001400126100002200140245010300162250002900265260003800294300003200332650001900364INLIS00000000000445320260312122642 a0010-0326000048ta260312 g 0 ind  a979-9481-96-1 a658 a658 RIN a0 aRindang Sugiharto1 aAkhlak Manusia Sebgai Modal Dasar Berwirausaha /cRindang Sugiharto (Penulis); Agus Fahmi (Editor) aCetakan II, Januari 2019 aBandung :bNuansa Cendikia,c2019 a100 Halaman :bTeks ;c21cm 4aManajemen Umum